000
00269nam a2200097Ia 4500
008
220204s9999 xx 000 0 und d
082
_a
681.31WWW
_b
SUM
245
0
_a
Creating cool interactive websites
260
_a
New Delhi
_b
Comdex Computer Publishing
_c
1996
942
_c
BK
999
_c
41226
_d
41226